Engineering Mathematics-II/ (Record no. 204009)

MARC details
000 -LEADER
fixed length control field 00703nam a22002057a 4500
005 - DATE AND TIME OF LATEST TRANSACTION
control field 20240710120620.0
010 ## - LCCN (DPL NO)
LC control number ENG-140831
020 ## - INTERNATIONAL STANDARD BOOK NUMBER
International Standard Book Number 9789356064751
Terms of availability 799.00
035 ## - SYSTEM CONTROL NUMBER
System control number EN-124363
037 ## - SOURCE OF ACQUISITION
Source of stock number/acquisition DBAD
082 ## - DEWEY DECIMAL CLASSIFICATION NUMBER
Edition number 2
Classification number 515.076
100 ## - MAIN ENTRY--PERSONAL NAME
Personal name Das, P. Sivaramakrishna
245 ## - TITLE STATEMENT
Title Engineering Mathematics-II/
Statement of responsibility, etc By P. Sivaramakrishna Das [and] C Vijayakumari
250 ## - EDITION STATEMENT
Edition statement 2
260 ## - PUBLICATION, DISTRIBUTION, ETC. (IMPRINT)
Place of publication, distribution, etc Noida
Name of publisher, distributor, etc Pearson India Education
Date of publication, distribution, etc 2022
270 ## - ADDRESS
Address 15th floor, Tower- B, World Trade Tower, plot No.1, Block -C, Sector-16, Noida,
City Uttar Pradesh
Postal code 201301
300 ## - PHYSICAL DESCRIPTION
Extent vpp.
Dimensions 23cm(pbk)
Other physical details Index
700 ## - ADDED ENTRY--PERSONAL NAME
Personal name Vijayakumari, C
Relator term Author
9 (RLIN) 68226
942 ## - ADDED ENTRY ELEMENTS (KOHA)
Source of classification or shelving scheme Dewey Decimal Classification
Item type English Books
Classification part 515.076
Call number suffix DAS
Edition 2
Holdings
Withdrawn status Lost status Not for loan Collection code Home library Current library Date acquired Source of acquisition Cost, normal purchase price Full call number Barcode Copy number Cost, replacement price Koha item type
      Non-fiction New Police Line New Police Line 08/07/2024 DBAD 799.00 515.076 DAS EN-124363 1 799.00 English Books

© Delhi Public Library
Hit Counter
free hit counter